Černá hora : Turistický průvodce
Gespeichert in:
| 1. Verfasser: | |
|---|---|
| Weitere Verfasser: | , |
| Format: | Buch |
| Sprache: | Slowakisch |
| Veröffentlicht: |
Brno :
JOTA,
2006
|
| Ausgabe: | 1. vyd. |
| Schlagworte: | |
| Tags: |
Keine Tags, Fügen Sie das erste Tag hinzu!
|
MARC
| LEADER | 00000nam a22000003a 4500 | ||
|---|---|---|---|
| 001 | stu161254 | ||
| 005 | 20150617230000.5 | ||
| 008 | 080411s2006----xr------------------slo-d | ||
| 020 | |a 80-7217-419-3 | ||
| 040 | |a STU |b slo | ||
| 041 | 0 | |a slo | |
| 044 | |a xr | ||
| 100 | 1 | |a Rellieová, Annalisa |4 aut | |
| 245 | 1 | |a Černá hora : |b Turistický průvodce | |
| 250 | |a 1. vyd. | ||
| 260 | |a Brno : |b JOTA, |c 2006 | ||
| 300 | |a 144 s | ||
| 650 | 7 | |a Čierna hora |2 stusub | |
| 650 | 7 | |a sprievodca turistický |2 stusub | |
| 700 | 1 | |a Pokorný, Michal |4 pht | |
| 700 | 1 | |a Audy, Mark |4 pht | |
| 996 | |b 284EK87196 |c E*87196 |l EE0101 |s P |a 0 |w stu161254_0001 | ||